|
|
|
|
| LEADER |
00000nam0a2200000 4500 |
| 001 |
132331 |
| 005 |
20260212162225.0 |
| 035 |
|
|
|a (RuTPU)RU\TPU\book\143285
|
| 090 |
|
|
|a 132331
|
| 100 |
|
|
|a 20080229d1986 m y0rusy50 ca
|
| 101 |
0 |
|
|a rus
|
| 102 |
|
|
|a UA
|
| 105 |
|
|
|a a z 000ay
|
| 200 |
1 |
|
|a Навеки - девятнадцатилетние
|e Повести и рассказы
|f Г. Я. Бакланов
|g худож. Р. С. Кириченко
|
| 210 |
|
|
|a Киев
|c Радяньска школа
|d 1986
|
| 215 |
|
|
|a 384 с.
|c ил.
|
| 606 |
|
|
|a Русская литература современная
|9 50316
|
| 610 |
1 |
|
|a советская литература
|
| 610 |
1 |
|
|a повести
|
| 610 |
1 |
|
|a рассказы
|
| 675 |
|
|
|a Р2
|v 3
|
| 700 |
|
1 |
|a Бакланов
|b Г. Я.
|c русский писатель
|f 1923 -2009
|g Григорий Яковлевич
|3 (RuTPU)RU\TPU\pers\11895
|9 3004
|
| 702 |
|
1 |
|a Кириченко
|b Р. С.
|4 440
|
| 801 |
|
1 |
|a RU
|b 63413507
|c 20080229
|g PSBO
|
| 801 |
|
2 |
|a RU
|b 63413507
|c 20180815
|g RCR
|
| 942 |
|
|
|c BK
|